| 000 | 01124nam a22002537a 4500 | ||
|---|---|---|---|
| 005 | 20170124103203.0 | ||
| 010 | _aA-655925 | ||
| 020 | _c250.00 | ||
| 035 | _aA-655925 | ||
| 037 | _bCen Lib/Ret | ||
| 040 |
_aDPL _bHN |
||
| 082 |
_a791.453 _bअग्रवा |
||
| 100 |
_aअग्रवाल, शान्ति प्रसाद _992791 |
||
| 245 |
_aनमस्कार / _cशान्ति प्रसाद अग्रवाल |
||
| 246 |
_aNamaskar / _bby Shanti Prasad Agarwal |
||
| 260 |
_aनई दिल्ली _bऋतम्भरा प्रकाशन _c1994 |
||
| 270 |
_aबी-2/169, सफदरजंग एन्क्लेव _bनई दिल्ली _e110029 |
||
| 300 |
_aभिन्न पृष्ठ : _c20सेमी(सजिल्द) _bसचित्र |
||
| 650 |
_aदूरदर्शन -- सिद्धान्त _93419 |
||
| 650 |
_aदूरदर्शन -- केन्द्र _992792 |
||
| 650 |
_aTelevision - Theories _992793 |
||
| 650 |
_aTelevision station _992794 |
||
| 942 |
_2ddc _cHN _h791.453 _mअग्रवा |
||
| 999 |
_c120824 _d120824 |
||